000 00286nam a2200109Ia 4500
008 240731s9999 xx 000 0 und d
245 0 _aNACLA's Latin America and Empire Report
260 _bRoutledge
856 _uhttps://www.tandfonline.com/loi/rnac17
942 _2ddc
942 _cTFEJ
999 _c78644
_d78644
945 _a1
_bMadushi Gamage
_c1
_dMadushi Gamage